Territórios de transito: dos conflitos entre Guarani e Kaiowá, paraguaios e gauchos a producao de multi-transterritorialidades na fronteira
Guardat en:
| Autor principal: | |
|---|---|
| Format: | Llibre |
| Idioma: | portuguès |
| Publicat: |
Río de Janeiro
Consequencia
2018
|
| Edició: | 1a. ed |
| Matèries: | |
| Etiquetes: |
Afegir etiqueta
Sense etiquetes, Sigues el primer a etiquetar aquest registre!
|
MARC
| LEADER | 00000cam a2200000 a 4500 | ||
|---|---|---|---|
| 001 | UCC4925 | ||
| 003 | CL-VaPUC | ||
| 008 | 180907e20180000bl |||||||||||||||||por|d | ||
| 020 | |a 9788569437406 | ||
| 082 | 0 | 4 | |a 304.23 |b MON |2 21 |
| 100 | |a Mondardo, Marcos |e autor |9 599163 | ||
| 245 | 1 | 0 | |a Territórios de transito: dos conflitos entre Guarani e Kaiowá, paraguaios e gauchos a producao de multi-transterritorialidades na fronteira |
| 250 | |a 1a. ed | ||
| 300 | |a 354 p | ||
| 942 | |c BK | ||
| 945 | |d 20180907 13:03:00 |a dcastane | ||
| 260 | |a Río de Janeiro |b Consequencia |c 2018 | ||
| 650 | 7 | |a DEMOGRAFIA GEOGRAFICA |2 CL-VaPUC |9 317247 | |
| 650 | 7 | |a TERRITORIALIDAD |2 CL-VaPUC |9 382029 | |
| 650 | 0 | |a Cambio social |9 256857 | |
| 650 | 0 | |a Problemas sociales |9 258537 | |
| 650 | 0 | |a Comunidades |9 337024 | |
| 583 | |a last modification |c 20180907 13:03:00 |k Rodrigo Vera | ||
| 999 | |c 372306 |d 372304 | ||
| 952 | |0 0 |1 0 |3 erb |4 0 |6 304_230000000000000_MON_2018 |7 0 |8 A |9 489870 |a BIBING |b BIBING |i 549379K |o 304.23 MON 2018 |p 549379K |r 2025-01-20 |w 2019-11-24 |y BK |z Catalogado en:20180907 |k GEO | ||